| 000 | 02772nam a22001937a 4500 | ||
|---|---|---|---|
| 005 | 20251128140231.0 | ||
| 006 | a|||||r||||||||||| | ||
| 008 | 251128s |||||||| |||| 00| ||gre d | ||
| 020 | _a9789605865214 | ||
| 040 |
_aGR-ThMCL _bgre _dGR-ThMCL _eAACR2 |
||
| 245 | 1 | 0 |
_aΔιαχείριση έργου : _bαρχές και τεχνικές / |
| 260 |
_aΑθήνα : _bΚριτική, _c2025. |
||
| 300 |
_a584 σ. : _bεικ., πίν., σχ. ; |
||
| 505 | 0 | _aΠρόλογος -- Σημείωμα του συγγραφέα -- Υποστηρικτικό υλικό -- Κεφάλαιο 1: Εισαγωγή στη διαχείριση έργου -- Κεφάλαιο 2: Η ιστορία της διαχείρισης έργου -- Κεφάλαιο 3: Πρότυπα διαχείρισης έργου -- Κεφάλαιο 4: Διαχείριση ενοποίησης έργου -- Κεφάλαιο 5: Διεργασία διαχείρισης έργου -- Κεφάλαιο 6: Σχέδιο διαχείρισης έργου -- Κεφάλαιο 7: Κύκλος ζωής έργου -- Κεφάλαιο 8: Μελέτη σκοπιμότητας -- Κεφάλαιο 9: Διαχείριση εύρους έργου -- Κεφάλαιο 10: Δομή ανάλυσης εργασιών (WBS) -- Κεφάλαιο 11: Διαχείριση χρόνου (εκτίμηση χρόνου) -- Κεφάλαιο 12: Μέθοδος κρίσιμης διαδρομής (CPM) -- Κεφάλαιο 13: Διάγραμμα Gantt -- Κεφάλαιο 14: Χρονοδιάγραμμα προμηθειών -- Κεφάλαιο 15: Προγραμματισμός πόρων -- Κεφάλαιο 16: Διαχείριση κόστους έργου (εκτίμηση κόστους) -- Κεφάλαιο 17: Ταμειακή ροή έργου -- Κεφάλαιο 18: Εκτέλεση, παρακολούθηση και έλεγχος έργου -- Κεφάλαιο 19: Δεδουλευμένη αξία -- Κεφάλαιο 20: Διαχείριση κινδύνου έργου -- Κεφάλαιο 21: Διαχείριση ποιότητας -- Κεφάλαιο 22: Διαχείριση επικοινωνίας έργου -- Κεφάλαιο 23: Συσκέψεις έργου -- Κεφάλαιο 24: Οργανωτικές δομές έργου -- Κεφάλαιο 25: Διαχείριση ανθρώπινων πόρων (ομάδες έργου) -- Κεφάλαιο 26: Γραφείο διαχείρισης έργου) -- Κεφάλαιο 27: Διαχείριση μικρών έργων -- Κεφάλαιο 28: Διαχείριση εκδηλώσεων -- Παράρτημα -- Βιβλιογραφία -- Γλωσσάρι. | |
| 700 | 1 | _aRory Burke | |
| 942 | _cBK | ||
| 999 |
_c9976 _d9976 |
||